Горение гетерогенных конденсированных систем

Opis bibliograficzny
1. autor: Бахман Н. Н. Николай Николаевич
Kolejni autorzy: Беляев А. Ф. Александр Федорович
Język:rosyjski
Wydane: Москва, Наука, 1967
Hasła przedmiotowe:
Format: Książka
KOHA link:https://koha.lib.tpu.ru/cgi-bin/koha/opac-detail.pl?biblionumber=90610

MARC

LEADER 00000nam0a2200000 4500
001 90610
005 20231031103618.0
035 |a (RuTPU)RU\TPU\book\97156 
090 |a 90610 
100 |a 20060213d1967 km y0rusy50 ca 
101 0 |a rus 
102 |a RU 
105 |a a z 001zy 
200 1 |a Горение гетерогенных конденсированных систем  |f Н. Н. Бахман, А. Ф. Беляев 
210 |a Москва  |c Наука  |d 1967 
215 |a 226 с.  |c ил. 
320 |a Библиогр.: с. 210-221. 
320 |a Предметный указатель: с. 222-223. 
610 1 |a ракетное топливо 
610 1 |a горение 
610 1 |a пламя 
610 1 |a скорость 
610 1 |a зависимость 
675 |a 629.136.34-6  |v 3 
700 1 |a Бахман  |b Н. Н.  |g Николай Николаевич 
701 1 |a Беляев  |b А. Ф.  |g Александр Федорович 
801 1 |a RU  |b 63413507  |c 20060213  |g PSBO 
801 2 |a RU  |b 63413507  |c 20150625  |g PSBO 
942 |c BK